[Event "IV Open International Senior"]
[Site "Calvia"]
[Date "2007.10.17"]
[Round "3.12"]
[White "Garcia Moreno, Jose A"]
[Black "Buxade Roca, Guillermo"]
[Result "1/2-1/2"]
[WhiteElo "1975"]
[BlackElo "2192"]
[PlyCount "93"]
[EventDate "2007.??.??"]

1. d4 d5 2. Nf3 Nf6 3. Bg5 Nbd7 4. Nbd2 g6 5. e3 Bg7 6. c4 c6 7. Bd3 O-O 8. O-O
b6 9. cxd5 cxd5 10. Rc1 Bb7 11. Qe2 h6 12. Bh4 Ne4 13. Ba6 Bxa6 14. Qxa6 g5 15.
Bg3 Nxg3 16. hxg3 Qb8 17. Qb5 Qb7 18. Qc6 Qxc6 19. Rxc6 Rfc8 20. Rfc1 Rxc6 21.
Rxc6 Kf8 22. b4 Ke8 23. Kf1 Kd8 24. Ke2 Rc8 25. Rxc8+ Kxc8 26. g4 a6 27. Kd3
Kc7 28. Nf1 Kc6 29. a4 e5 30. dxe5 Nxe5+ 31. Nxe5+ Bxe5 32. Nd2 b5 33. a5 Bd6
34. Kc3 Be5+ 35. Kb3 Kd6 36. Nf3 Bg7 37. Kc2 Ke6 38. Kd3 Bf8 39. Nd4+ Kd7 40.
Nc2 Kd6 41. e4 Ke5 42. exd5 Kxd5 43. f3 Bd6 44. Kc3 Ke5 45. Kd3 Kd5 46. Ne3+
Ke5 47. Nc2 1/2-1/2

[Event "IV Open International Senior"]
[Site "Calvia"]
[Date "2007.10.17"]
[Round "3.13"]
[White "Campos Calvo-Sotelo, Juan"]
[Black "Tejero Royo, Fermin"]
[Result "0-1"]
[WhiteElo "1971"]
[BlackElo "2159"]
[PlyCount "106"]
[EventDate "2007.??.??"]

1. b3 e5 2. Bb2 Nc6 3. c4 d6 4. e3 g6 5. a3 Bg7 6. Qc2 Nge7 7. Nf3 O-O 8. d3 f5
9. Nbd2 h6 10. Be2 Be6 11. O-O g5 12. d4 Bf7 13. dxe5 dxe5 14. Rfd1 Qc8 15. b4
Ng6 16. c5 g4 17. Ne1 a6 18. Nc4 Qe6 19. Rd2 Rad8 20. Rad1 Rxd2 21. Rxd2 Rd8
22. Qd1 Rxd2 23. Qxd2 Qd5 24. Qc2 Nge7 25. g3 Nd8 26. Na5 b5 27. cxb6 cxb6 28.
Bc4 Qa8 29. Bxf7+ Nxf7 30. Nc4 Qc6 31. Qe2 Ng5 32. Ng2 Nf3+ 33. Kh1 b5 34. Na5
Qd5 35. Bc1 h5 36. e4 fxe4 37. Ne3 Qd3 38. Qxd3 exd3 39. Nb3 Nc6 40. Nf1 Bf8
41. Nfd2 Nxd2 42. Bxd2 Kf7 43. Kg2 Ke6 44. f3 Kd5 45. fxg4 hxg4 46. Kf2 Kc4 47.
Nc1 Nd4 48. Na2 Nf3 49. Be3 Kb3 50. Nc1+ Kc2 51. h4 d2 52. Bxd2 Nxd2 53. Ne2
Nc4 0-1

[Event "IV Open International Senior"]
[Site "Calvia"]
[Date "2007.10.17"]
[Round "3.14"]
[White "Suslin, Alexander"]
[Black "Pomar Mir, Francisco"]
[Result "1-0"]
[WhiteElo "2144"]
[BlackElo "1970"]
[PlyCount "93"]
[EventDate "2007.??.??"]

1. e4 e6 2. d4 d5 3. e5 c5 4. c3 Nc6 5. Nf3 Qb6 6. Be2 cxd4 7. cxd4 Nge7 8. Na3
Nf5 9. Nc2 Bb4+ 10. Kf1 Be7 11. b3 O-O 12. h4 f6 13. g4 Ng3+ 14. fxg3 fxe5 15.
Kg2 e4 16. Ng5 Bd7 17. Be3 Bd6 18. Nxe4 dxe4 19. d5 Bc5 20. dxc6 Bxc6 21. Qg1
Rad8 22. Kh3 Bxe3 23. Qxe3 Rf2 24. Rad1 Rdf8 25. Qxb6 axb6 26. Rhe1 e5 27. Ne3
g6 28. a4 Kg7 29. Bc4 Rb2 30. Re2 Rxe2 31. Bxe2 Rf2 32. Re1 Bd7 33. Nd1 Rf6 34.
Nc3 e3 35. Nd5 Rd6 36. Nxe3 h5 37. Rd1 Rd4 38. Rxd4 exd4 39. Nc2 d3 40. Bxd3
Bxg4+ 41. Kg2 Kf6 42. Be4 Bd1 43. Kf2 g5 44. Ke3 gxh4 45. gxh4 Ke6 46. Nd4+ Kd6
47. Bf3 1-0

[Event "IV Open International Senior"]
[Site "Calvia"]
[Date "2007.10.17"]
[Round "3.15"]
[White "Forteza Valls, Jose Maria"]
[Black "Salgado Gonzalez, Julio"]
[Result "1-0"]
[WhiteElo "2119"]
[BlackElo "1926"]
[PlyCount "133"]
[EventDate "2007.??.??"]

1. e4 Nc6 2. Nf3 d5 3. exd5 Qxd5 4. Nc3 Qa5 5. Bb5 Bd7 6. O-O a6 7. Ba4 O-O-O
8. d4 Nf6 9. a3 Qh5 10. Bxc6 Bxc6 11. Ne5 Be8 12. Be3 Qxd1 13. Raxd1 e6 14. f4
Nd5 15. Nxd5 exd5 16. f5 f6 17. Nd3 Bd6 18. Bf4 Bh5 19. Rde1 Rhe8 20. Bxd6 Rxd6
21. h3 b6 22. g4 Bf7 23. Rxe8+ Bxe8 24. Re1 Bf7 25. Kf2 Kd7 26. Nf4 c5 27. Ke3
g5 28. Nd3 c4 29. Nb4 a5 30. Na2 b5 31. Kd2 Rb6 32. Nc3 Rb8 33. b4 cxb3 34.
cxb3 b4 35. Na4 bxa3 36. Nc5+ Kd6 37. Ra1 a4 38. Rxa3 axb3 39. Nxb3 Ke7 40. Kc3
Kf8 41. Ra7 h5 42. Nc5 Rc8 43. Kd3 hxg4 44. hxg4 Rc6 45. Rb7 Kg8 46. Kc3 Rc8
47. Kb4 Re8 48. Kb5 Re1 49. Kc6 Rg1 50. Rb8+ Kg7 51. Ne6+ Bxe6 52. fxe6 Re1 53.
Kd7 f5 54. e7 fxg4 55. e8=Q Rxe8 56. Rxe8 Kf6 57. Rf8+ Kg6 58. Ke6 Kh5 59. Kf5
Kh4 60. Rh8+ Kg3 61. Kxg5 Kf3 62. Rf8+ Ke3 63. Kxg4 Kxd4 64. Rd8 Ke4 65. Re8+
Kd3 66. Kf3 d4 67. Rc8 1-0

[Event "IV Open International Senior"]
[Site "Calvia"]
[Date "2007.10.17"]
[Round "3.16"]
[White "Redondo Garcia, Jose Luis"]
[Black "Serra Olives, Tomas"]
[Result "0-1"]
[WhiteElo "1909"]
[BlackElo "2114"]
[PlyCount "106"]
[EventDate "2007.??.??"]

1. c4 c5 2. Nc3 Nf6 3. g3 e6 4. Bg2 d5 5. cxd5 exd5 6. d4 cxd4 7. Qxd4 Nc6 8.
Qa4 Bc5 9. Bg5 Be6 10. e3 O-O 11. Nge2 h6 12. Bxf6 Qxf6 13. O-O Ne5 14. Nf4
Rfd8 15. Ncxd5 Bxd5 16. Nxd5 Nf3+ 17. Bxf3 Qxf3 18. Nc3 Rd3 19. Rae1 Rad8 20.
Rd1 Bb6 21. Rxd3 Rxd3 22. Qe8+ Kh7 23. Qe4+ Qxe4 24. Nxe4 f5 25. Nc3 Rd2 26.
Rb1 g5 27. Na4 Bd8 28. a3 Bf6 29. b4 b6 30. Rb3 Kg6 31. Rb1 Rd3 32. b5 Rxa3 33.
Rb4 Kf7 34. Kg2 Ke6 35. e4 fxe4 36. Rxe4+ Kd5 37. f3 Bd4 38. h4 Rxa4 39. hxg5
hxg5 40. Rg4 Ra2+ 41. Kh3 Bf6 42. Rb4 Kc5 43. Re4 Kxb5 44. Re6 Bd4 45. Kg4 Rg2
46. f4 gxf4 47. Kxf4 a5 48. g4 a4 49. Kf3 Rc2 50. Re4 Kc4 51. g5 Kd3 52. Rg4 a3
53. g6 a2 0-1

[Event "IV Open International Senior"]
[Site "Calvia"]
[Date "2007.10.17"]
[Round "3.17"]
[White "Castan Sanclemente, Alejandro"]
[Black "Klempt, Guenter"]
[Result "1/2-1/2"]
[WhiteElo "1871"]
[BlackElo "2091"]
[PlyCount "71"]
[EventDate "2007.??.??"]

1. d4 Nf6 2. c4 g6 3. Nc3 Bg7 4. Nf3 O-O 5. e3 c6 6. Bd3 d5 7. cxd5 cxd5 8. O-O
Nc6 9. Re1 Re8 10. h3 Nb4 11. Bb1 Bd7 12. a3 Nc6 13. b4 Rc8 14. Bb2 a6 15. e4
dxe4 16. Nxe4 Nxe4 17. Bxe4 Be6 18. Rc1 Bd5 19. Bxd5 Qxd5 20. Rc5 Qd6 21. Qc2
e6 22. Qe4 b6 23. Rc4 Ne7 24. Rec1 Qb8 25. Ne5 Rxc4 26. Rxc4 Bxe5 27. dxe5 Rc8
28. Qc2 b5 29. Rxc8+ Qxc8 30. Qxc8+ Nxc8 31. f4 Nb6 32. Kf2 Nc4 33. Bc1 f6 34.
exf6 Kf7 35. Kf3 Kxf6 36. Ke4 1/2-1/2

[Event "IV Open International Senior"]
[Site "Calvia"]
[Date "2007.10.17"]
[Round "3.18"]
[White "Sarto Ramos, Angel"]
[Black "Mimbrero Cuello, Diego"]
[Result "1-0"]
[WhiteElo "2053"]
[BlackElo "1854"]
[PlyCount "95"]
[EventDate "2007.??.??"]

1. d4 Nf6 2. Nf3 d6 3. Nc3 c6 4. e4 Qc7 5. Bg5 Nbd7 6. Qd2 e5 7. O-O-O Be7 8.
Bc4 b5 9. Bb3 b4 10. Ne2 Nxe4 11. Qe3 Nxg5 12. Nxg5 Bxg5 13. Qxg5 O-O 14. f4 a5
15. fxe5 dxe5 16. Ng3 h6 17. Qh5 Nf6 18. Qxe5 Qb6 19. Nf5 Bxf5 20. Qxf5 a4 21.
Bc4 Rfd8 22. Qf2 a3 23. b3 Nd5 24. Rd3 Ra7 25. Rf1 Re8 26. Rf3 Qc7 27. Rg3 Qe7
28. Bxd5 cxd5 29. Qd2 Kh8 30. c4 dxc4 31. bxc4 Qe2 32. Qxe2 Rxe2 33. Kb1 Rb2+
34. Ka1 Re7 35. Rb1 Rc2 36. Rxb4 Ree2 37. Rxa3 Rxg2 38. c5 Rcd2 39. c6 Rd1+ 40.
Rb1 Rxd4 41. c7 Rc2 42. Ra8+ Kh7 43. c8=Q Rxc8 44. Rxc8 f5 45. Rb7 Rd1+ 46. Kb2
Rd2+ 47. Rc2 Rxc2+ 48. Kxc2 1-0

[Event "IV Open International Senior"]
[Site "Calvia"]
[Date "2007.10.17"]
[Round "3.20"]
[White "Febrero Perez, Lluis"]
[Black "Perez Pascual, Arturo"]
[Result "0-1"]
[WhiteElo "1690"]
[BlackElo "1986"]
[PlyCount "46"]
[EventDate "2007.??.??"]

1. e4 e5 2. Nf3 Nf6 3. Nc3 Bb4 4. d3 d5 5. Bd2 O-O 6. a3 Bxc3 7. Bxc3 d4 8. Bd2
Qd6 9. c3 Nc6 10. Be2 h6 11. O-O Rd8 12. Rc1 Bg4 13. Nxd4 Bxe2 14. Nxe2 Qxd3
15. Rc2 Nxe4 16. Nc1 Qd5 17. c4 Qd7 18. Nb3 Nd4 19. Bxh6 Nxc2 20. Qxc2 Qd3 21.
Qxd3 Rxd3 22. Nc1 Rd7 23. Re1 gxh6 0-1

[Event "IV Open International Senior"]
[Site "Calvia"]
[Date "2007.10.17"]
[Round "3.22"]
[White "Fernandez Martin, Manuel"]
[Black "Llado Llompart, Sebastian"]
[Result "0-1"]
[WhiteElo "1709"]
[BlackElo "1773"]
[PlyCount "71"]
[EventDate "2007.??.??"]

1. e4 Nf6 2. Nc3 d5 3. exd5 Nxd5 4. Nxd5 Qxd5 5. b3 Qe5+ 6. Ne2 Qxa1 7. Nc3 e5
8. Bc4 Bb4 9. O-O O-O 10. Nd5 Bd6 11. Qf3 Qd4 12. c3 Qg4 13. Qe3 Nd7 14. Be2
Qh4 15. g3 Qd8 16. c4 c6 17. Nc3 Bc5 18. Qf3 Nf6 19. Qg2 Bg4 20. Bxg4 Nxg4 21.
Ne4 Bd4 22. d3 f5 23. Ng5 Qd6 24. Nf3 Rae8 25. h3 Nf6 26. Nh4 Nd7 27. Nf3 Bc3
28. Rd1 h6 29. a3 g5 30. Qf1 Qg6 31. Bd2 Bxd2 32. Rxd2 e4 33. dxe4 fxe4 34.
Rxd7 exf3 35. c5 Qe6 36. Kh2 0-1

[Event "IV Open International Senior"]
[Site "Calvia"]
[Date "2007.10.17"]
[Round "3.23"]
[White "Orcera Gomez, Francisco"]
[Black "Alonso Perez, Jose Ramon"]
[Result "0-1"]
[WhiteElo "1841"]
[BlackElo "2041"]
[PlyCount "66"]
[EventDate "2007.??.??"]

1. d4 Nf6 2. c4 g6 3. Nc3 Bg7 4. e4 d6 5. Nf3 O-O 6. Bd3 c5 7. d5 e6 8. O-O
exd5 9. exd5 a6 10. Bg5 Qb6 11. Qc2 Nbd7 12. h3 Ne5 13. Nxe5 dxe5 14. Rae1 Qc7
15. f4 Nh5 16. f5 gxf5 17. Bxf5 Bxf5 18. Rxf5 Qd7 19. Rf3 f5 20. Ne2 Rae8 21.
Ng3 e4 22. Rb3 Nxg3 23. Rxg3 Qd6 24. Bh4 Kh8 25. Rb3 Rf7 26. a4 Qe5 27. Re2 f4
28. Be1 Qf5 29. Bf2 Bd4 30. Kh2 Rg7 31. Be1 Reg8 32. g4 fxg3+ 33. Kg2 Rf8 0-1

[Event "IV Open International Senior"]
[Site "Calvia"]
[Date "2007.10.17"]
[Round "3.24"]
[White "Solsona Manonelles, Josep"]
[Black "Fernandez Garcia, Ignacio"]
[Result "0-1"]
[WhiteElo "1830"]
[BlackElo "2039"]
[PlyCount "74"]
[EventDate "2007.??.??"]

1. d4 Nf6 2. c4 g6 3. Nc3 Bg7 4. e4 d6 5. Nge2 Nbd7 6. Ng3 c5 7. d5 O-O 8. Be2
a6 9. a4 Rb8 10. Bd2 h5 11. h4 Ne5 12. Bf4 Neg4 13. f3 Ne5 14. Qd2 Re8 15. Kf2
Bd7 16. Ra3 b5 17. axb5 axb5 18. Nxb5 Nxc4 19. Bxc4 Bxb5 20. b3 Bxc4 21. Rb1
Bb5 22. Qc2 Nd7 23. Ne2 Bxe2 24. Kxe2 Ra8 25. Rxa8 Qxa8 26. Bd2 Qa6+ 27. Kf2
Ra8 28. Bc3 Bxc3 29. Qxc3 Ne5 30. Kg3 Qd3 31. Qe1 Rb8 32. b4 c4 33. Qc1 Qe2 34.
Qc3 Qd3 35. Qc1 c3 36. Rb3 Rc8 37. b5 Qd2 0-1

[Event "IV Open International Senior"]
[Site "Calvia"]
[Date "2007.10.17"]
[Round "3.25"]
[White "Russo, Carmelo"]
[Black "Theiss Geb Buzgar, Ion"]
[Result "1-0"]
[WhiteElo "1702"]
[BlackElo "1929"]
[PlyCount "83"]
[EventDate "2007.??.??"]

1. d4 d5 2. c4 c6 3. cxd5 cxd5 4. g3 Nc6 5. Bg2 Bf5 6. Nc3 e6 7. Nf3 Be7 8. a3
Nf6 9. O-O Ne4 10. e3 Rc8 11. Ne2 g5 12. Qa4 h5 13. Ne5 Qc7 14. f3 Nd6 15. Nc3
f6 16. Nxc6 bxc6 17. e4 dxe4 18. fxe4 Bg4 19. h3 Nf7 20. hxg4 Qxg3 21. Ne2 Qxg4
22. Qa6 e5 23. Kh2 exd4 24. e5 Nxe5 25. Bh3 Nf3+ 26. Rxf3 Qxf3 27. Qxc8+ Kf7
28. Qe6+ Kf8 29. Bg2 Qf2 30. Bxg5 d3 31. Nf4 fxg5 32. Nxd3 Qh4+ 33. Bh3 g4 34.
Rf1+ Ke8 35. Qc8+ Bd8 36. Qxc6+ Ke7 37. Qc5+ Ke8 38. Qc6+ Ke7 39. Re1+ Kf7 40.
Ne5+ Kg7 41. Qg6+ Kf8 42. Qf7# 1-0

[Event "IV Open International Senior"]
[Site "Calvia"]
[Date "2007.10.17"]
[Round "3.26"]
[White "Kuenitz, Klaus"]
[Black "Benito Alba, Eladio"]
[Result "0-1"]
[WhiteElo "1695"]
[BlackElo "1873"]
[PlyCount "54"]
[EventDate "2007.??.??"]

1. d4 d5 2. Nf3 Nf6 3. c4 c6 4. cxd5 cxd5 5. Nc3 e6 6. Bf4 b6 7. Ne5 Be7 8. e3
O-O 9. Bd3 Bb7 10. O-O Nc6 11. Rc1 Rc8 12. Qe2 Nxe5 13. Bxe5 Bd6 14. Bxf6 Qxf6
15. Ba6 Qe7 16. Bxb7 Qxb7 17. e4 Bf4 18. Rc2 dxe4 19. Nxe4 Rxc2 20. Qxc2 Rc8
21. Qe2 b5 22. a3 b4 23. axb4 Qxb4 24. Rd1 h6 25. d5 exd5 26. Rxd5 Qb7 27. g3
Qxd5 0-1

[Event "IV Open International Senior"]
[Site "Calvia"]
[Date "2007.10.18"]
[Round "4.4"]
[White "Komysheva, Margarita"]
[Black "Brinck-Claussen, Bjorn"]
[Result "0-1"]
[WhiteElo "2174"]
[BlackElo "2326"]
[PlyCount "108"]
[EventDate "2007.??.??"]

1. e4 e6 2. d4 d5 3. Nd2 c5 4. exd5 Qxd5 5. Ngf3 cxd4 6. Bc4 Qd6 7. O-O Nf6 8.
Nb3 Nc6 9. Nbxd4 Nxd4 10. Nxd4 a6 11. c3 Qc7 12. Bd3 Bd6 13. h3 Bd7 14. Re1
O-O-O 15. Qe2 Rde8 16. a4 Rhg8 17. Bd2 g5 18. b4 g4 19. h4 g3 20. f3 Nd5 21. b5
a5 22. b6 Qd8 23. Bb5 Nxb6 24. Bxd7+ Nxd7 25. Rab1 Bc5 26. Kf1 Qxh4 27. Qb5
Qh1+ 28. Ke2 Qxg2+ 29. Kd1 Bb6 30. Be3 e5 31. Rb2 Qh3 32. Nc6 Rg6 33. Bxb6 Rxc6
34. Bxa5 Nc5 35. Bb6 Qd7+ 36. Rd2 Qe7 37. Rd5 Nd7 38. Be3 Rd8 39. Kc2 Qa3 40.
Rd3 Qa2+ 41. Kd1 Rc4 42. a5 Qa4+ 43. Qxa4 Rxa4 44. Rd5 f6 45. Kc2 Nf8 46. Rxd8+
Kxd8 47. Bb6+ Ke8 48. Rg1 g2 49. Kd3 Ng6 50. c4 Kd7 51. Kc3 Ra2 52. Rd1+ Kc6
53. Rd2 Rxd2 54. Kxd2 Nf4 {Kd3#} 0-1

[Event "IV Open International Senior"]
[Site "Calvia"]
[Date "2007.10.18"]
[Round "4.6"]
[White "Estrada Martinez, Cesar"]
[Black "Forteza Valls, Jose Maria"]
[Result "1-0"]
[WhiteElo "2236"]
[BlackElo "2119"]
[PlyCount "85"]
[EventDate "2007.??.??"]

1. Nf3 f5 2. g3 Nf6 3. Bg2 e6 4. O-O d5 5. d4 Bd6 6. c4 c6 7. b3 Qe7 8. Bb2
Nbd7 9. Nc3 Ne4 10. e3 O-O 11. Ne2 g5 12. Ne5 Nef6 13. f3 Kh8 14. Qc2 Ne8 15.
e4 Nxe5 16. dxe5 Bc5+ 17. Kh1 Ng7 18. exd5 cxd5 19. cxd5 exd5 20. f4 Be6 21.
fxg5 Be3 22. Nf4 d4 23. g6 Bxf4 24. Rxf4 hxg6 25. Rxd4 Rac8 26. Qd2 g5 27. Rf1
Kh7 28. Rd6 Ne8 29. Rd4 Ng7 30. Rd6 Ne8 31. Rd3 Ng7 32. Bd5 f4 33. Be4+ Kh8 34.
gxf4 Nf5 35. Rh3+ Nh4 36. f5 Rcd8 37. Rxh4+ gxh4 38. Qh6+ Qh7 39. Qxh7+ Kxh7
40. fxe6+ Kh8 41. Rxf8+ Rxf8 42. e7 h3 43. Bf3 1-0

[Event "IV Open International Senior"]
[Site "Calvia"]
[Date "2007.10.18"]
[Round "4.8"]
[White "Serra Olives, Tomas"]
[Black "Schuermans, Robert"]
[Result "1-0"]
[WhiteElo "2114"]
[BlackElo "2219"]
[PlyCount "65"]
[EventDate "2007.??.??"]

1. e4 e5 2. Nf3 Nc6 3. Bb5 f5 4. Nc3 fxe4 5. Nxe4 d5 6. Nxe5 dxe4 7. Nxc6 Qg5
8. Qe2 Nf6 9. f4 Qh4+ 10. g3 Qh3 11. Ne5+ c6 12. Bc4 Bc5 13. c3 Bf5 14. d4 exd3
15. Nxd3+ Be7 16. Bd2 O-O-O 17. O-O-O Rhe8 18. Nf2 Qh6 19. Bf7 Bc5 20. Bxe8
Rxe8 21. Qf3 Qg6 22. Rhe1 Ne4 23. Nxe4 Bxe4 24. Qe2 Re7 25. Be3 Bd5 26. Qd2
Rxe3 27. Rxe3 Bxe3 28. Qxe3 Bxa2 29. Qd3 Qe8 30. Qf5+ Be6 31. Re1 Bxf5 32.
Rxe8+ Kd7 33. Rg8 {Ke8# Kd1+ Bc8#} 1-0

[Event "IV Open International Senior"]
[Site "Calvia"]
[Date "2007.10.18"]
[Round "4.9"]
[White "Mikoleizig, Egenhard"]
[Black "Sarto Ramos, Angel"]
[Result "0-1"]
[WhiteElo "2217"]
[BlackElo "2053"]
[PlyCount "88"]
[EventDate "2007.??.??"]

1. e4 g6 2. d4 c6 3. c4 d6 4. Bd3 Bg7 5. Ne2 e5 6. d5 Ne7 7. O-O f5 8. f3 f4 9.
Nbc3 O-O 10. Kh1 Nd7 11. Bd2 Nf6 12. g4 g5 13. h3 h5 14. Kg2 Ng6 15. Be1 hxg4
16. hxg4 Bxg4 17. fxg4 Nxg4 18. Rf3 Nf6 19. Kf1 g4 20. Rf2 g3 21. Rf3 Ng4 22.
Ng1 Nh2+ 23. Ke2 Qb6 24. Bd2 Nxf3 25. Kxf3 Kf7 26. Qf1 Rh8 27. Na4 Qc7 28. Ke2
Rh2+ 29. Kd1 Rah8 30. Be1 Bf6 31. Be2 Nh4 32. Bf3 Qd7 33. b3 cxd5 34. cxd5 Rc8
35. Nc3 a6 36. Rc1 b5 37. Nce2 Rxc1+ 38. Nxc1 Qa7 39. Nge2 Qe3 40. Bh5+ Ke7 41.
Qg1 Ng2 42. Qxe3 Nxe3+ 43. Kd2 Rxh5 44. Nxg3 fxg3 0-1

[Event "IV Open International Senior"]
[Site "Calvia"]
[Date "2007.10.18"]
[Round "4.11"]
[White "Feiguelman, Boris Dr"]
[Black "Suslin, Alexander"]
[Result "0-1"]
[WhiteElo "2058"]
[BlackElo "2144"]
[PlyCount "98"]
[EventDate "2007.??.??"]

1. f4 d5 2. Nf3 e6 3. g3 c5 4. Bg2 Nc6 5. O-O Nf6 6. d3 Be7 7. c3 O-O 8. Qc2 b6
9. e4 Bb7 10. e5 Nd7 11. Bh3 d4 12. c4 a5 13. a3 Qe8 14. Qe2 Kh8 15. Bd2 a4 16.
Be1 Ba6 17. Qc2 b5 18. Nbd2 Nb6 19. cxb5 Bxb5 20. Nc4 Nd5 21. Bd2 Qd7 22. Ne1
f5 23. Bg2 Rab8 24. Rb1 Rb7 25. Rf2 Rfb8 26. Re2 h6 27. h4 Bxc4 28. dxc4 Nc3
29. Bxc3 dxc3 30. Qd3 Nd4 31. Bxb7 Nxe2+ 32. Qxe2 Qxb7 33. Nd3 Qb3 34. Kf2 Qxc4
35. Qc2 Qd4+ 36. Kf1 c4 37. Nb4 Bc5 38. Kg2 cxb2 39. Rxb2 c3 40. Rb1 Bxb4 41.
Rd1 Qc4 42. Qxa4 Qa2+ 43. Kh3 Qxa3 44. Qc6 Qb3 45. Rd7 Qb1 46. Rc7 Bf8 47. h5
Qf1+ 48. Qg2 Qd1 49. g4 Rb2 0-1

[Event "IV Open International Senior"]
[Site "Calvia"]
[Date "2007.10.18"]
[Round "4.13"]
[White "Eppinger, Georg"]
[Black "Garcia Moreno, Jose Alfredo"]
[Result "1/2-1/2"]
[WhiteElo "2251"]
[BlackElo "1975"]
[PlyCount "52"]
[EventDate "2007.??.??"]

1. e4 d5 2. exd5 Qxd5 3. Nc3 Qa5 4. d4 Nf6 5. Bc4 Bf5 6. Nf3 e6 7. O-O c6 8.
Re1 Bd6 9. d5 Nxd5 10. Nxd5 cxd5 11. Bxd5 Qc7 12. Nd4 O-O 13. Nxf5 exf5 14. h3
Nc6 15. c3 Ne7 16. Bxb7 Rad8 17. Qf3 Ng6 18. Ba6 f4 19. Qb7 Qc5 20. Qb5 Qc7 21.
Qb7 Qc5 22. Qb5 Qc7 23. Qc4 Qb8 24. f3 Rde8 25. Qb5 Qc7 26. Qc4 Qb8 1/2-1/2

[Event "IV Open International Senior"]
[Site "Calvia"]
[Date "2007.10.18"]
[Round "4.14"]
[White "Llado Llompart, Sebastian"]
[Black "Molina, Jorge"]
[Result "0-1"]
[WhiteElo "1773"]
[BlackElo "2201"]
[PlyCount "72"]
[EventDate "2007.??.??"]

1. d4 Nf6 2. e3 c5 3. c3 d5 4. Bd3 cxd4 5. cxd4 Nc6 6. Nf3 Bg4 7. h3 Bh5 8. g4
Bg6 9. Ne5 Bxd3 10. Nxc6 bxc6 11. Qxd3 e6 12. Nc3 Rb8 13. f3 c5 14. Qa6 cxd4
15. Qc6+ Nd7 16. exd4 Rc8 17. Qa4 Bd6 18. Ne2 O-O 19. O-O Rc4 20. Qd1 Qh4 21.
Kg2 Rfc8 22. Qe1 Qxe1 23. Rxe1 Rc2 24. Kf1 e5 25. Rd1 exd4 26. Rxd4 Nb6 27. Rd2
Be5 28. Rxc2 Rxc2 29. Rb1 d4 30. Bf4 Rxe2 31. Kxe2 Bxf4 32. Rd1 Be3 33. Rd3 Nd5
34. Ra3 Nf4+ 35. Kd1 d3 36. Rxa7 Bxa7 0-1

[Event "IV Open International Senior"]
[Site "Calvia"]
[Date "2007.10.18"]
[Round "4.15"]
[White "Buxade Roca, Guillermo"]
[Black "Gutierrez, Leon Cristobal"]
[Result "1-0"]
[WhiteElo "2192"]
[BlackElo "1963"]
[PlyCount "105"]
[EventDate "2007.??.??"]

1. e4 g6 2. d4 d6 3. Nf3 Bg7 4. Bd3 c6 5. O-O Bg4 6. c3 Qc7 7. h3 Bxf3 8. Qxf3
Nf6 9. Bg5 O-O 10. Nd2 Nbd7 11. Qe3 e5 12. f4 exd4 13. cxd4 Rae8 14. Qf2 c5 15.
e5 Nd5 16. Ne4 dxe5 17. dxe5 a6 18. Nd6 Re6 19. Bc4 N7b6 20. Bxd5 Nxd5 21. Qf3
Qc6 22. Rae1 b5 23. b3 c4 24. bxc4 bxc4 25. Rc1 c3 26. Rfd1 Qc5+ 27. Qf2 Qxf2+
28. Kxf2 h6 29. Bxh6 Bxh6 30. Rxd5 Bxf4 31. Rxc3 Bxe5 32. Rcd3 Bxd6 33. Rxd6
Rfe8 34. Kf3 Kg7 35. h4 Kf6 36. g4 Kg7 37. Rxe6 Rxe6 38. Ra3 f6 39. Ra5 Kh7 40.
Kf4 Kg7 41. Rc5 Re2 42. Rc7+ Kg8 43. a4 Rd2 44. Rc4 a5 45. h5 gxh5 46. gxh5 Rh2
47. Kg4 Rb2 48. Kf5 Rf2+ 49. Kg6 Rh2 50. Kxf6 Rb2 51. Rc5 Rb4 52. Rxa5 Rb6+ 53.
Ke7 1-0

[Event "IV Open International Senior"]
[Site "Calvia"]
[Date "2007.10.18"]
[Round "4.16"]
[White "Persson, Stellan"]
[Black "Castan Sanclemente, Alejandro"]
[Result "0-1"]
[WhiteElo "2136"]
[BlackElo "1871"]
[PlyCount "94"]
[EventDate "2007.??.??"]

1. e4 e5 2. Nf3 Nf6 3. Nc3 Nc6 4. Bb5 Bc5 5. O-O d6 6. h3 O-O 7. Bxc6 bxc6 8.
d3 h6 9. Na4 Bb6 10. b3 Nh7 11. c4 Bd4 12. Nxd4 exd4 13. f4 f5 14. exf5 Bxf5
15. g4 Qh4 16. Kg2 Bd7 17. Qe1 Qf6 18. Bd2 Rae8 19. Qf2 c5 20. Nb2 Bc6+ 21. Kg1
h5 22. Rae1 Rxe1 23. Bxe1 Bd7 24. f5 Ng5 25. Qh4 Bc6 26. Qxh5 Nf3+ 27. Rxf3
Bxf3 28. Kf2 Qe5 29. Kxf3 Qe3+ 30. Kg2 Qxe1 31. g5 Rxf5 32. Nd1 Qf1+ 33. Kh2
Qf4+ 34. Kh1 Rxg5 35. Qe8+ Kh7 36. Qe2 Re5 37. Qf2 Qxf2 38. Nxf2 Re2 39. Kg2
Rxa2 40. Kf3 Rb2 41. Ne4 Rxb3 42. Ke2 a5 43. Kd2 a4 44. Kc2 Rb7 45. Nd2 a3 46.
Nb3 a2 47. Kb2 Rxb3+ 0-1

[Event "IV Open International Senior"]
[Site "Calvia"]
[Date "2007.10.18"]
[Round "4.18"]
[White "Benito Alba, Eladio"]
[Black "Alonso Perez, Jose Ramon"]
[Result "0-1"]
[WhiteElo "1873"]
[BlackElo "2041"]
[PlyCount "72"]
[EventDate "2007.??.??"]

1. d4 d5 2. c4 e6 3. Nf3 Nf6 4. g3 c6 5. Bg2 Be7 6. O-O O-O 7. Nc3 Nbd7 8. b3
Nb6 9. Ne5 Ne8 10. cxd5 exd5 11. Bb2 Nd6 12. e4 dxe4 13. Nxe4 Nxe4 14. Bxe4 f5
15. Bg2 Nd5 16. Re1 Bb4 17. Rf1 f4 18. a3 Ba5 19. b4 Bb6 20. Qd3 Bf5 21. Be4
Bxe4 22. Qxe4 Qe7 23. Qd3 Qe6 24. Rae1 Rad8 25. Nf3 Qg4 26. Re5 Rd6 27. Rg5 Qh3
28. Qe4 Bd8 29. Re5 Nf6 30. Ng5 Qh6 31. Qg2 Nd5 32. Nf3 g5 33. Rfe1 g4 34. gxf4
Nxf4 35. Qxg4+ Rg6 36. Ng5 Nh3+ 0-1

[Event "IV Open International Senior"]
[Site "Calvia"]
[Date "2007.10.18"]
[Round "4.19"]
[White "Fernandez Garcia, Ignacio"]
[Black "Redondo Garcia, Jose Luis"]
[Result "1-0"]
[WhiteElo "2039"]
[BlackElo "1909"]
[PlyCount "53"]
[EventDate "2007.??.??"]

1. e4 c5 2. c3 e6 3. d4 cxd4 4. cxd4 a6 5. Nc3 b5 6. Bd3 Bb7 7. Nf3 h6 8. O-O
Nf6 9. e5 Nd5 10. Ne4 Qb6 11. a3 Nc6 12. Be3 Nxe3 13. fxe3 Ne7 14. Nd6+ Kd8 15.
Nxf7+ Ke8 16. Nxh8 Nd5 17. Nh4 Nxe3 18. Qh5+ Kd8 19. Rxf8+ Kc7 20. Rc1+ Nc4 21.
Rxa8 Qxd4+ 22. Kh1 Qxd3 23. Rf8 Kb6 24. Qd1 Qe4 25. Rxc4 bxc4 26. N8g6 a5 27.
Rf4 1-0

[Event "IV Open International Senior"]
[Site "Calvia"]
[Date "2007.10.18"]
[Round "4.20"]
[White "Mimbrero Cuello, Diego"]
[Black "Mercadal Melia, Dante"]
[Result "1-0"]
[WhiteElo "1854"]
[BlackElo "1986"]
[PlyCount "63"]
[EventDate "2007.??.??"]

1. e4 b6 2. d4 Bb7 3. Bd3 e6 4. Nf3 Nf6 5. Qe2 Bb4+ 6. c3 Be7 7. O-O O-O 8. Bf4
c5 9. Nbd2 cxd4 10. cxd4 Nc6 11. Rac1 d6 12. Rfd1 Nb4 13. Bb1 Ba6 14. Qe3 Bb7
15. a3 Nc6 16. h3 Re8 17. Nf1 b5 18. Qd3 g6 19. g4 Na5 20. Ng3 d5 21. e5 Ne4
22. Qxb5 a6 23. Qe2 Nb3 24. Rc2 f5 25. gxf5 gxf5 26. Kh2 Kf7 27. Nxe4 dxe4 28.
Ng5+ Bxg5 29. Qh5+ Kg8 30. Bxg5 Qd7 31. Bf6 Qf7 32. Rg1+ 1-0

[Event "IV Open International Senior"]
[Site "Calvia"]
[Date "2007.10.18"]
[Round "4.22"]
[White "Pomar Mir, Francisco"]
[Black "Russo, Carmelo"]
[Result "1-0"]
[WhiteElo "1970"]
[BlackElo "1702"]
[PlyCount "53"]
[EventDate "2007.??.??"]

1. e4 c6 2. d4 d5 3. Nd2 dxe4 4. Nxe4 Nd7 5. Nf3 Ngf6 6. Ng3 e6 7. Bd3 c5 8.
O-O cxd4 9. Nxd4 Bc5 10. Nb3 Be7 11. Re1 O-O 12. Qe2 b6 13. Bd2 Bb7 14. Rad1
Qc7 15. Nd4 Nc5 16. Bf5 Qd6 17. Bg5 Qd5 18. Nf3 Qxa2 19. b3 Rfe8 20. Ra1 Qb2
21. Bd2 Bxf3 22. Qxf3 exf5 23. Bc3 Qxc2 24. Rxe7 Nfe4 25. Nxf5 Qxc3 26. Nh6+
gxh6 27. Qxf7+ 1-0